Loading...
| Ancient History and Archaeology | 2 | 10.00 | 0% | 100% | 100% |
| Beliefs | 4 | 2.50 | 0% | 0% | 50% |
| British and Commonwealth History | 2 | 10.00 | 200% | 100% | 0% |
| Fine Arts - Auditory | 3 | 10.00 | 0% | 0% | 200% |
| Fine Arts - Visual | 4 | 10.00 | 0% | 200% | 0% |
| History - American | 2 | 10.00 | 200% | 100% | 0% |
| History - European | 3 | 13.33 | 0% | 67% | 200% |
| History - World | 4 | 15.00 | 100% | 200% | 50% |
| Literature - American | 1 | 10.00 | 0% | 200% | 0% |
| Literature - British | 3 | 10.00 | 0% | 133% | 67% |
| Literature - European | 4 | 2.50 | 100% | 0% | 0% |
| Other Academic | 2 | 5.00 | 0% | 100% | 0% |
| Other Arts: Auditory | 1 | 10.00 | 0% | 200% | 0% |
| Other Arts: Visual | 1 | 10.00 | 400% | 0% | 0% |
| Other Science: Astronomy | 1 | 10.00 | 0% | 200% | 0% |
| Philosophy | 4 | 15.00 | 300% | 50% | 100% |
| Science - Biology | 1 | 20.00 | 400% | 200% | 0% |
| Science - Chemistry | 1 | 20.00 | 400% | 0% | 200% |
| Science - Physics | 5 | 16.00 | 160% | 80% | 160% |
| Social Science | 4 | 12.50 | 200% | 50% | 100% |
| World and Other Literature | 3 | 13.33 | 133% | 67% | 133% |